000 00527nam a2200193Ia 4500
005 20250326142002.0
008 250326s9999 xx 000 0 und d
020 _a81-7041-078-9
037 _aTextbook
040 _aFMSL
_beng
_cFMSL
041 _aeng
_2eng
084 _aX:9 M8
_qFMSL
100 _aGopal JI
_9299175
245 0 _aPersonnel management through cost and ratios
_cGopal JI
260 _aNew Delhi
_bNew Delhi, Anmol
_c1988
300 _a287p
942 _cTB
_hX:9 M8
999 _c1292915
_d1292915